000 01277nam a2200241Ia 4500
003 OSt
005 20210115121631.0
008 191128s2010 ck a gr 100 0 spa d
020 _a9789589884126
040 _aCO-JMCR
_cCO-JMCR
041 0 _aspa
082 0 4 _a363.69 /
_bE562m
_223
111 2 _aEncuentro para la Promoción y Difusión del Patrimonio Inmaterial de Paises Iberoamericanos
_n(11o. :
_d2010 :
_cSanta Cruz de Monpox, Colombia)
_910035
245 1 0 _aMemorias del saber hacer :
_bmemorias XI encuentro noviembre de 2010 /
260 _a[Cartagena] :
_bCorporación para la Promoción y Difusión de la Cultura,
_c2010
300 _a482 páginas :
_bilustraciones a blanco y negro ;
_c24 cm.
500 _aIncluye notas a pie de página.
504 _aBibliografía : páginas 481-482
505 0 _aInstalación del XI encuentro / Herman Van Hooff -- Conferencia inicial -- Marco conceptual -- Los problemas de la memoria musical en la conexión África- Colombia: el caso de las marimbas de la costa pacífica colombo-ecuatoriana / Carlos Miñana Blasco
650 1 4 _aPatrimonio cultural
_xCongresos, conferencias, etc
_zAmérica Latina
_910036
651 4 _aAmérica Latina
_vvida social y costumbres
_xCongresos, conferencias, etc
_910037
942 _2ddc
_cBK
999 _c3988
_d3988